Competence based vocational and life skill education (Record no. 310610)

MARC details
000 -LEADER
fixed length control field 00542 a2200205 4500
005 - DATE & TIME
control field 20240627155949.0
008 - FIXED-LENGTH DATA ELEMENTS--GENERAL INFORMATION
fixed length control field 240627b |||||||| |||| 00| 0 eng d
020 ## - ISBN
International Standard Book Number 9789392262029
Price Rs. 1495.00
040 ## - CATALOGING SOURCE
Original cataloging agency VIVEKANANDA LIBRARY
082 ## - DDC NUMBER
Classification number 370.113
Book Number G959C
100 ## - MAIN ENTRY--PERSONAL NAME
Personal name Gupta, Ekata
245 ## - TITLE STATEMENT
Title Competence based vocational and life skill education
260 ## - PUBLICATION, DISTRIBUTION, ETC. (IMPRINT)
Name of publisher, distributor, etc Book Enclave
Date of publication, distribution, etc 2022
Place of publication, distribution, etc Jaipur
300 ## - PHYSICAL DESCRIPTION
Pages xi, 199
650 ## - Subject
Subject Education
650 ## - Subject
Subject Vocational Education
650 ## - Subject
Subject Skill Education
700 ## - Added Entry Personal Name
Added Entry Personal Name Goyal, Mukta
942 ## - ADDED ENTRY ELEMENTS (KOHA)
Koha item type Books
Holdings
Withdrawn status Lost status Source of classification or shelving scheme Damaged status Not for loan Location (home branch) Sublocation or collection (holding branch) Shelving location Date acquired Koha issues (times borrowed) Koha full call number Accession No. Koha date last seen Koha item type
    Dewey Decimal Classification     VIVEKANANDA LIBRARY VIVEKANANDA LIBRARY Vivekananda Library 13/03/2024   370.113 G959C 435584 13/03/2024 Books
    Dewey Decimal Classification     VIVEKANANDA LIBRARY VIVEKANANDA LIBRARY Vivekananda Library 13/03/2024   370.113 G959C 435583 13/03/2024 Books
© Designed and Maintained by Vivekananda Library, MDU Rohtak